logo

CEREMICA LA | DECORACION DE LA CERAMICA LA | ESPAÑA EN VANGUARDIA (Record no. 38942)

MARC details
000 -CABECERA
campo de control de longitud fija 00997nam a2200433Ia 4500
001 - NÚMERO DE CONTROL
campo de control 27676
005 - FECHA Y HORA DE LA ÚLTIMA TRANSACCIÓN
campo de control 20260407082746.0
008 - CÓDIGOS DE INFORMACIÓN DE LONGITUD FIJA
campo de control de longitud fija 260115s9999 xx 000 0 und d
010 ## - NÚMERO DE CONTROL DE LA BIBLIOTECA DEL CONGRESO
Número de control de LC 38942
035 ## - NÚMERO DE CONTROL DEL SISTEMA
Número de control de sistema 18069
090 ## - LOCALMENTE ASIGNADO TIPO-LC NÚMERO DE CLASIFICACIÓN (OCLC); NÚMERO DE CLASIFICACIÓN LOCAL (RLIN)
Número de clasificación (OCLC) (R) ; Numero de clasificación CALL (RLIN) (NR) 666.7
001 - NÚMERO DE CONTROL
campo de control 27675
008 - CÓDIGOS DE INFORMACIÓN DE LONGITUD FIJA
campo de control de longitud fija 260115s9999 xx 000 0 und d
035 ## - NÚMERO DE CONTROL DEL SISTEMA
Número de control de sistema 18070
090 ## - LOCALMENTE ASIGNADO TIPO-LC NÚMERO DE CLASIFICACIÓN (OCLC); NÚMERO DE CLASIFICACIÓN LOCAL (RLIN)
Número de clasificación (OCLC) (R) ; Numero de clasificación CALL (RLIN) (NR) 666.3.056
001 - NÚMERO DE CONTROL
campo de control 14458
008 - CÓDIGOS DE INFORMACIÓN DE LONGITUD FIJA
campo de control de longitud fija 260115s9999 xx 000 0 und d
035 ## - NÚMERO DE CONTROL DEL SISTEMA
Número de control de sistema 10087
090 ## - LOCALMENTE ASIGNADO TIPO-LC NÚMERO DE CLASIFICACIÓN (OCLC); NÚMERO DE CLASIFICACIÓN LOCAL (RLIN)
Número de clasificación (OCLC) (R) ; Numero de clasificación CALL (RLIN) (NR) 32
100 ## - PUNTO DE ACCESO PRINCIPAL - NOMBRE DE PERSONA
Nombre de persona COLECCION
100 ## - PUNTO DE ACCESO PRINCIPAL - NOMBRE DE PERSONA
Nombre de persona COLECCION
100 ## - PUNTO DE ACCESO PRINCIPAL - NOMBRE DE PERSONA
Nombre de persona GUAL RIBA JUAN
245 #0 - MENCIÓN DE TÍTULO
Título CEREMICA LA
260 ## - PUBLICACIÓN, DISTRIBUCIÓN, ETC. (PIE DE IMPRENTA)
Nombre del editor distribuidor etc. PARRAMON
Fecha de publicación distribución etc. 1997
245 #0 - MENCIÓN DE TÍTULO
Título DECORACION DE LA CERAMICA LA
260 ## - PUBLICACIÓN, DISTRIBUCIÓN, ETC. (PIE DE IMPRENTA)
Nombre del editor distribuidor etc. PARRAMON
Fecha de publicación distribución etc. 1996
245 #0 - MENCIÓN DE TÍTULO
Título ESPAÑA EN VANGUARDIA
260 ## - PUBLICACIÓN, DISTRIBUCIÓN, ETC. (PIE DE IMPRENTA)
Lugar de publicación distribución etc. MANRESA
Nombre del editor distribuidor etc. PARRAMON
Fecha de publicación distribución etc. 1966
300 ## - DESCRIPCIÓN FÍSICA
Dimensiones 5 CM
300 ## - DESCRIPCIÓN FÍSICA
Dimensiones 5 CM
300 ## - DESCRIPCIÓN FÍSICA
Dimensiones 5 CM
630 ## - PUNTO DE ACCESO ADICIONAL DE MATERIA--TÍTULO UNIFORME
Título uniforme BELLAS ARTES
650 ## - PUNTO DE ACCESO ADICIONAL DE MATERIA--TÉRMINO DE MATERIA
Término de materia o nombre geográfico como elemento inicial CERAMICA
630 ## - PUNTO DE ACCESO ADICIONAL DE MATERIA--TÍTULO UNIFORME
Título uniforme BELLAS ARTES
650 ## - PUNTO DE ACCESO ADICIONAL DE MATERIA--TÉRMINO DE MATERIA
Término de materia o nombre geográfico como elemento inicial CERAMICA
630 ## - PUNTO DE ACCESO ADICIONAL DE MATERIA--TÍTULO UNIFORME
Título uniforme POLITICA
650 ## - PUNTO DE ACCESO ADICIONAL DE MATERIA--TÉRMINO DE MATERIA
Término de materia o nombre geográfico como elemento inicial ENSAYO POLITICA
942 ## - ELEMENTOS DE PUNTO DE ACCESO ADICIONAL (KOHA)
Tipo de ítem Koha Monografías
Holdings
Estado de retiro Estado de pérdida Estado dañado No para préstamo Código de colección Localización permanente Ubicación/localización actual Fecha de adquisición Total de préstamos Signatura topográfica completa Código de barras Fecha visto por última vez Número de copia Precio válido a partir de Tipo de ítem Koha Nota pública
          Servicio de Estudios Históricos Servicio de Estudios Históricos 27/11/2002   666.7 24390 05/02/2026 1 05/02/2026 Monografías 30.5 CM, 196 PG, 27,02€ BARCELONA
          Servicio de Estudios Históricos Servicio de Estudios Históricos 27/11/2002   666.3.056 24391 05/02/2026 1 05/02/2026 Monografías 30.5 CM, 148 PG, 27,02€ BARCELONA